[Event "ENG-ch Schools"]
[Site "Nottingham"]
[Date "2025.06.26"]
[Round "6.2"]
[White "Sengupta, Sohana"]
[Black "Wotton, Ben"]
[Result "1-0"]
[WhiteElo "1662"]
[BlackElo "1396"]
[PlyCount "105"]
[EventDate "2025.06.25"]
[EventType "team-swiss"]
[EventRounds "6"]
[EventCountry "ENG"]
[SourceTitle "CB27_2025"]
[SourceDate "2025.07.02"]
[SourceVersion "1"]
[SourceVersionDate "2025.07.02"]
[SourceQuality "1"]
[WhiteTeam "St Paul's Girls"]
[BlackTeam "Exeter Maths"]
[WhiteTeamCountry "ENG"]
[BlackTeamCountry "ENG"]

1. e4 c6 2. d4 d5 3. Nc3 dxe4 4. Nxe4 Bf5 5. Ng3 Bg6 6. Nf3 Nf6 7. h4 h6 8. Bd3 Bxd3 9. Qxd3 e6 10. Bd2 Nbd7 11. 0-0-0 Be7 12. Qe2 Qc7 13. Kb1 b5 14. Rhe1 Kf8 15. Ne4 Nd5 16. g4 a5 17. g5 hxg5 18. Nexg5 Bxg5 19. Nxg5 Re8 20. Qf3 N7f6 21. Rg1 Rxh4 22. Rh1 Rxh1 23. Rxh1 Ke7 24. Re1 Kd8 25. Qa3 a4 26. Qf3 Qb6 27. c3 Re7 28. Qg3 c5 29. dxc5 Qxc5 30. Rd1 Qc7 31. Bf4 Ke8 32. Bxc7 Nxc7 33. Qh3 Ncd5 34. Qh8+ Kd7 35. Qxg7 Ng4 36. Qd4 Nh6 37. c4 bxc4 38. Qxc4 Nf5 39. Qb5+ Kd6 40. Ne4+ Ke5 41. Qxa4 Ng7 42. Qd4+ Kf5 43. Qxg7 Kxe4 44. Rd4+ Kf5 45. Qg4+ Kf6 46. Qh4+ Ke5 47. Rd1 Rc7 48. Qg3+ Kf6 49. Rxd5 Rc8 50. Qe5+ Ke7 51. Rc5 Rd8 52. Rc7+ Ke8 53. Qh8# 1-0

[Event "ENG-ch Schools"]
[Site "Nottingham"]
[Date "2025.06.25"]
[Round "4.2"]
[White "Dickson, Koby"]
[Black "Sengupta, Sohana"]
[Result "1-0"]
[WhiteElo "1545"]
[BlackElo "1662"]
[PlyCount "47"]
[EventDate "2025.06.25"]
[EventType "team-swiss"]
[EventRounds "6"]
[EventCountry "ENG"]
[SourceTitle "CB27_2025"]
[SourceDate "2025.07.02"]
[SourceVersion "1"]
[SourceVersionDate "2025.07.02"]
[SourceQuality "1"]
[WhiteTeam "York College"]
[BlackTeam "St Paul's Girls"]
[WhiteTeamCountry "ENG"]
[BlackTeamCountry "ENG"]

1. d4 d5 2. c4 e6 3. Nc3 Nf6 4. cxd5 exd5 5. Bg5 Be7 6. e3 0-0 7. Bd3 Bg4 8. Nf3 h6 9. Bxf6 Bxf6 10. Qc2 c6 11. h3 Be6 12. 0-0-0 Na6 13. Bxa6 bxa6 14. h4 g6 15. Rdg1 Bg7 16. g4 Bd7 17. Ne5 Qe7 18. f4 f6 19. Nxg6 Qxe3+ 20. Qd2 Qxd2+ 21. Kxd2 Rfe8 22. f5 Rab8 23. Kc2 Kf7 24. Re1 1-0

[Event "ENG-ch Schools"]
[Site "Nottingham"]
[Date "2025.06.25"]
[Round "1.2"]
[White "Sengupta, Sohana"]
[Black "Clarkson, George"]
[Result "1/2-1/2"]
[WhiteElo "1662"]
[BlackElo "1907"]
[PlyCount "89"]
[EventDate "2025.06.25"]
[EventType "team-swiss"]
[EventRounds "6"]
[EventCountry "ENG"]
[SourceTitle "CB27_2025"]
[SourceDate "2025.07.02"]
[SourceVersion "1"]
[SourceVersionDate "2025.07.02"]
[SourceQuality "1"]
[WhiteTeam "St Paul's Girls"]
[BlackTeam "University College"]
[WhiteTeamCountry "ENG"]
[BlackTeamCountry "ENG"]

1. e4 e6 2. d4 d5 3. e5 c5 4. c3 Nc6 5. Nf3 Qb6 6. a3 cxd4 7. cxd4 a5 8. Nc3 Nge7 9. Bd3 Bd7 10. Na4 Qa7 11. Be3 Ng6 12. 0-0 Be7 13. Rc1 0-0 14. Qb3 Rab8 15. Nc3 Rbd8 16. Qc2 Be8 17. Nb5 Qb6 18. Nc3 f6 19. exf6 Bxf6 20. Na4 Qc7 21. Nc5 Qe7 22. Qb3 Rb8 23. Rfe1 b6 24. Na4 Qd8 25. Qc2 Qd7 26. Qd1 Qd6 27. Nc3 Na7 28. Be2 b5 29. g3 b4 30. axb4 axb4 31. Na2 Bb5 32. Bxb5 Nxb5 33. Kg2 Ra8 34. Qb3 Be7 35. Ra1 Rf7 36. Ng5 Bxg5 37. Bxg5 Qf8 38. Be3 Rb7 39. Qxb4 Qf7 40. Qd2 Qf5 41. Nc3 Rab8 42. Nxb5 Rxb5 43. Rab1 Qg4 44. Kf1 Qf3 45. Kg1 1/2-1/2

[Event "BCF-ch AM U1900 op"]
[Site "Hull"]
[Date "2024.07.31"]
[Round "3"]
[White "Sengupta, Sohana"]
[Black "Collicott, Peter J"]
[Result "1-0"]
[WhiteElo "1609"]
[BlackElo "1763"]
[PlyCount "65"]
[EventDate "2024.07.29"]
[EventType "swiss"]
[EventRounds "6"]
[EventCountry "ENG"]
[SourceTitle "CBM 221 Extra"]
[Source "ChessBase"]
[SourceDate "2024.09.30"]
[SourceVersion "1"]
[SourceVersionDate "2024.09.30"]
[SourceQuality "1"]

1. e4 c5 2. Nf3 Nc6 3. d4 cxd4 4. Nxd4 g6 5. Nc3 Bg7 6. Nb3 Nf6 7. Be2 0-0 8. 0-0 a5 9. a4 Nb4 10. e5 Ne8 11. f4 d6 12. Be3 Bf5 13. Rc1 dxe5 14. Qxd8 Rxd8 15. Nxa5 exf4 16. Bxf4 Nd6 17. Bxd6 Rxd6 18. Nxb7 Rd7 19. Na5 Bxc2 20. Bb5 Rd2 21. Nc4 Rdd8 22. Ra1 Bd3 23. Rfd1 Nc2 24. Ra2 Bxc4 25. Bxc4 Bd4+ 26. Kh1 Bxc3 27. Bxf7+ Kxf7 28. Rc1 Bxb2 29. Rxb2 Ne3 30. a5 Ke8 31. a6 Rd1+ 32. Rxd1 Nxd1 33. Rb8+ 1-0

[Event "BCF-ch Penrose U2000 op"]
[Site "Hull"]
[Date "2024.07.28"]
[Round "4"]
[White "Slater, Jonathan R"]
[Black "Sengupta, Sohana"]
[Result "0-1"]
[WhiteElo "1741"]
[BlackElo "1609"]
[PlyCount "86"]
[EventDate "2024.07.26"]
[EventType "swiss"]
[EventRounds "5"]
[EventCountry "ENG"]
[SourceTitle "CBM 221 Extra"]
[Source "ChessBase"]
[SourceDate "2024.09.30"]
[SourceVersion "1"]
[SourceVersionDate "2024.09.30"]
[SourceQuality "1"]

1. e4 c5 2. Nf3 Nc6 3. Bb5 g6 4. 0-0 Bg7 5. Re1 a6 6. Bf1 d6 7. h3 Nf6 8. c3 0-0 9. d4 cxd4 10. cxd4 e5 11. dxe5 dxe5 12. Bg5 Qxd1 13. Rxd1 Nxe4 14. Bh4 Be6 15. Nbd2 Nxd2 16. Rxd2 h6 17. a3 g5 18. Bg3 f5 19. Bxe5 Nxe5 20. Nxe5 Bxe5 21. Re1 Bf4 22. Rde2 Bc4 23. Re7 Bxf1 24. Kxf1 Rf7 25. R7e6 Kg7 26. g3 Bc7 27. b4 Bd8 28. Rd1 Bf6 29. Rdd6 Rc8 30. a4 Rcc7 31. b5 axb5 32. axb5 Rce7 33. Rxe7 Rxe7 34. Rd5 Kg6 35. Kg2 Re5 36. Rd7 Rxb5 37. Kf1 Rb4 38. Ke2 b5 39. Rb7 Rb1 40. Kf3 b4 41. Kg2 b3 42. Kf3 b2 43. Kg2 Rc1 0-1

[Event "Peterborough 4NCL Easter U2000 op"]
[Site "Peterborough"]
[Date "2024.04.01"]
[Round "6"]
[White "Lawrence, Spencer"]
[Black "Sengupta, Sohana"]
[Result "1/2-1/2"]
[WhiteElo "1789"]
[BlackElo "1594"]
[PlyCount "75"]
[EventDate "2024.03.29"]
[EventType "swiss"]
[EventRounds "7"]
[EventCountry "ENG"]
[SourceTitle "CBM 219 Extra"]
[Source "ChessBase"]
[SourceDate "2024.05.31"]
[SourceVersion "1"]
[SourceVersionDate "2024.05.31"]
[SourceQuality "1"]

1. Nf3 d5 2. g3 Nf6 3. Bg2 Bf5 4. c4 c6 5. 0-0 e6 6. d4 h6 7. Nc3 Be7 8. Bf4 0-0 9. Nd2 Qb6 10. cxd5 exd5 11. Qb3 Nbd7 12. Qxb6 Nxb6 13. e4 dxe4 14. Ndxe4 Rad8 15. Rfd1 Nc4 16. b3 Nd6 17. Bxd6 Bxd6 18. Nxf6+ gxf6 19. Ne4 Ba3 20. Nxf6+ Kg7 21. Nh5+ Kg8 22. Be4 Bxe4 23. Nf6+ Kg7 24. Nxe4 Bb2 25. Rab1 Bxd4 26. Kg2 Rfe8 27. Kf3 Kg6 28. Rd3 f5 29. Nc3 Bxc3 30. Rxc3 Rd2 31. Re3 Rxe3+ 32. Kxe3 Rxa2 33. Rd1 Ra3 34. Rd3 Ra5 35. Kf4 Rb5 36. Rd6+ Kg7 37. Rd7+ Kg6 38. Rd6+ 1/2-1/2

[Event "BCF-chT4S 2324 (4NCL)"]
[Site "England"]
[Date "2024.01.07"]
[Round "4.93"]
[White "Sengupta, Sohana"]
[Black "Morin, Julian"]
[Result "1-0"]
[WhiteElo "1249"]
[BlackElo "1211"]
[PlyCount "147"]
[EventDate "2024.02.11"]
[EventType "team-swiss"]
[EventRounds "11"]
[EventCountry "ENG"]
[SourceTitle "EXT 2025"]
[Source "ChessBase"]
[SourceDate "2024.10.14"]
[SourceVersion "1"]
[SourceVersionDate "2024.10.14"]
[SourceQuality "1"]
[WhiteTeam "She Plays To Win Young Stars II"]
[BlackTeam "Barnet Knights III"]
[WhiteTeamCountry "ENG"]
[BlackTeamCountry "ENG"]

1. e4 c5 2. Nf3 Nc6 3. d4 e6 4. Nc3 cxd4 5. Nxd4 Nxd4 6. Qxd4 d6 7. Bc4 Nf6 8. 0-0 Be7 9. Bb3 0-0 10. f3 Qc7 11. Be3 Bd7 12. Rad1 Rfc8 13. Kh1 b6 14. Rf2 Qb8 15. Qd3 Bc6 16. Rfd2 a5 17. a4 Ra7 18. Bf4 Rd7 19. Qe2 Kh8 20. Be3 Rb7 21. Bc4 Rbc7 22. Bb3 Kg8 23. Bf4 Rd7 24. Bc4 Rdc7 25. Bb5 Bxb5 26. Nxb5 Rc5 27. Bxd6 Bxd6 28. Nxd6 Rd8 29. Nb5 Rxd2 30. Qxd2 g6 31. Qd8+ Qxd8 32. Rxd8+ Kg7 33. Nc3 Rc4 34. Rd3 Nh5 35. g3 Kf6 36. Kg2 Ke5 37. f4+ Kf6 38. e5+ Kg7 39. Rd2 f6 40. Ne2 fxe5 41. fxe5 Rxa4 42. Nc3 Rb4 43. b3 b5 44. Rd7+ Kh6 45. Rb7 Rd4 46. Rxb5 Rd2+ 47. Kh3 Rxc2 48. Na4 Ra2 49. Rxa5 Ra3 50. Rb5 Ng7 51. Nc5 Kg5 52. Ne4+ Kh5 53. Rb7 Kh6 54. Nf6 Ra5 55. Ng4+ Kg5 56. Rxg7 h5 57. Nf2 Rxe5 58. Rb7 Re2 59. Kg2 e5 60. Kf3 Rd2 61. Ne4+ Kf5 62. Nxd2 g5 63. Ne4 Kg6 64. Rc7 h4 65. gxh4 g4+ 66. Kxg4 Kh6 67. b4 Kg6 68. b5 Kh6 69. b6 Kg6 70. b7 Kh6 71. Rc6+ Kh7 72. b8Q Kg7 73. Qb7+ Kg8 74. Rc8# 1-0

[Event "Berkshire Berks & Bucks op-C"]
[Site "Berkshire"]
[Date "2023.08.27"]
[Round "3"]
[White "Belur, Ankita"]
[Black "Sengupta, Sohana"]
[Result "1/2-1/2"]
[WhiteElo "1442"]
[BlackElo "1262"]
[PlyCount "137"]
[EventDate "2023.08.26"]
[EventType "swiss"]
[EventRounds "6"]
[EventCountry "ENG"]
[SourceTitle "CBM 216 Extra"]
[Source "ChessBase"]
[SourceDate "2023.11.30"]
[SourceVersion "1"]
[SourceVersionDate "2023.11.30"]
[SourceQuality "1"]

1. c4 e5 2. Nc3 Nf6 3. d3 d5 4. cxd5 Nxd5 5. Nf3 Nc6 6. Nxd5 Qxd5 7. a3 a5 8. g3 Bc5 9. Bg2 0-0 10. 0-0 h6 11. Qc2 Qd6 12. Bd2 Be6 13. Rac1 Bb6 14. Bc3 Bd5 15. Rfd1 Qe6 16. Nd2 Bxg2 17. Kxg2 Rfd8 18. Nc4 Nd4 19. Bxd4 Bxd4 20. Nd2 Bb6 21. Qc4 Qd5+ 22. Kg1 Rd6 23. Rc3 a4 24. Qxd5 Rxd5 25. Rc4 Raa5 26. Rdc1 c6 27. Rb4 Rdb5 28. Rcc4 Rxb4 29. Rxb4 Rb5 30. Rxb5 cxb5 31. e3 Kf8 32. Ne4 Ke7 33. Nc3 b4 34. axb4 Kd7 35. Kg2 Kc6 36. Kf3 f5 37. g4 f4 38. Nxa4 fxe3 39. fxe3 Bc7 40. h3 Bd6 41. Nc5 b6 42. Ne6 g6 43. Nd8+ Kd5 44. Nf7 Bf8 45. h4 Ke6 46. Nd8+ Kd7 47. Nf7 Ke6 48. Nh8 Kf6 49. h5 gxh5 50. gxh5 Bxb4 51. Ng6 Bc5 52. Ke4 Bd6 53. d4 exd4 54. exd4 Kg5 55. d5 Kxh5 56. Kf5 Bc5 57. b3 b5 58. Ne5 Kh4 59. Nf7 h5 60. d6 Bb6 61. b4 Kg3 62. d7 h4 63. Ng5 Bd8 64. Ne4+ Kf3 65. Ng5+ Kg3 66. Ne4+ Kf3 67. Ng5+ Kg3 68. Ne6 Bb6 69. Ng5 1/2-1/2